Does That Animal Live in Asia? Quiz Stats

 Plays Quiz Updated Dec 7, 2015

Challenge
Share
Tweet
Embed
Score 0/20 Timer 05:00
5 Plays Today
% Correct
Tiger
90.6%
Giant Panda
89.1%
Elephant
87.3%
Red Panda
85.8%
Cobra
77.9%
Komodo Dragon
77.9%
Yak
75%
Orangutan
73.9%
Camel
71.4%
Peacock
67.5%
% Correct
Leopard
66.7%
Rabbit
66.3%
Tapir
57.3%
Chameleon
54.8%
Rhinoceros
53%
Brown Bear
49.8%
Weasel
44.3%
Peregrine Falcon
43.5%
Wolverine
32.5%
Moose
26.4%

You're not logged in!

Compare scores with friends on all Sporcle quizzes.
Join for Free
OR
Log In

You Might Also Like...

Show Comments

Extras

Top Quizzes Today


Score Distribution

Your Account Isn't Verified!

In order to create a playlist on Sporcle, you need to verify the email address you used during registration. Go to your Sporcle Settings to finish the process.

Report this User

Report this user for behavior that violates our Community Guidelines.

Details: